[Event "ODJM A 2022"]
[Site "Willingen GER"]
[Date "2022.06.05"]
[Round "1"]
[White "Frohnhäuser, Simon"]
[Black "Garbuz, Nicole"]
[Result "0-1"]
[Termination "normal"]
[Board "20"]
[WhiteElo "1944"]
[BlackElo "1824"]
[WhiteClock "00:00:34"]
[BlackClock "00:01:42"]
[PlyCount "65"]
[WhiteFideId "16208528"]
[BlackFideId "12990701"]
[EventCountry "GER"]
[EventRounds "9"]
[EventType "swiss"]
[EventDate "2022.06.04"]

1. e4 {[%clk 1:30:53]} e5 {[%clk 1:30:56]} 2. Nf3 {[%clk 1:31:13]} Nc6 {[%clk
1:31:19]} 3. Bc4 {[%clk 1:31:31]} Bc5 {[%clk 1:30:54]} 4. c3 {[%clk 1:31:53]}
Nf6 {[%clk 1:30:52]} 5. d3 {[%clk 1:32:04]} h6 {[%clk 1:30:23]} 6. a4 {[%clk
1:31:27]} a5 {[%clk 1:28:50]} 7. Nbd2 {[%clk 1:26:00]} O-O {[%clk 1:21:27]} 8.
h3 {[%clk 1:21:41]} d5 {[%clk 1:10:51]} 9. exd5 {[%clk 1:14:53]} Nxd5 {[%clk
1:09:58]} 10. Ne4 {[%clk 1:13:00]} Be7 {[%clk 1:07:15]} 11. O-O {[%clk
1:05:02]} Be6 {[%clk 1:00:28]} 12. Re1 {[%clk 1:03:23]} f5 {[%clk 0:56:36]} 13.
Ng3 {[%clk 1:03:44]} Bf6 {[%clk 0:55:10]} 14. Qb3 {[%clk 1:03:12]} Qd7 {[%clk
0:36:20]} 15. Nxf5 {[%clk 0:57:16]} Rad8 {[%clk 0:32:14]} 16. Ng3 {[%clk
0:53:50]} Kh8 {[%clk 0:27:48]} 17. Ne4 {[%clk 0:44:17]} Be7 {[%clk 0:25:44]}
18. Nh2 {[%clk 0:38:21]} Bh4 {[%clk 0:19:56]} 19. Be3 {[%clk 0:31:59]} Qf7
{[%clk 0:17:50]} 20. Bc5 {[%clk 0:29:41]} Be7 {[%clk 0:12:09]} 21. Bxe7 {[%clk
0:27:46]} Ncxe7 {[%clk 0:12:22]} 22. Ng4 {[%clk 0:18:42]} Ng6 {[%clk 0:07:40]}
23. Qc2 {[%clk 0:17:15]} Qf4 {[%clk 0:03:42]} 24. Ne3 {[%clk 0:11:26]} c6
{[%clk 0:03:41]} 25. Nc5 {[%clk 0:09:02]} Bc8 {[%clk 0:03:53]} 26. Qe2 {[%clk
0:07:09]} Qg5 {[%clk 0:03:12]} 27. Ne4 {[%clk 0:06:59]} Qe7 {[%clk 0:03:12]}
28. Ng3 {[%clk 0:03:59]} Ndf4 {[%clk 0:03:03]} 29. Qc2 {[%clk 0:04:02]} Qh4
{[%clk 0:02:23]} 30. d4 {[%clk 0:02:20]} Bd7 {[%clk 0:01:32]} 31. Qe4 {[%clk
0:01:21]} Nxg2 32. Qxg2 {[%clk 0:00:35]} Nf4 {[%clk 0:01:42]} 33. Qe4 {[%clk
0:00:34]} 0-1

[Event "ODJM A 2022"]
[Site "Willingen GER"]
[Date "2022.06.05"]
[Round "1"]
[White "Schulz, Jannis"]
[Black "Meiwes, Thore"]
[Result "0-1"]
[Termination "normal"]
[Board "21"]
[WhiteElo "1810"]
[BlackElo "2079"]
[WhiteClock "00:03:25"]
[BlackClock "00:05:28"]
[PlyCount "156"]
[WhiteFideId "16224710"]
[BlackFideId "16201256"]
[EventCountry "GER"]
[EventRounds "9"]
[EventType "swiss"]
[EventDate "2022.06.04"]

1. d4 {[%clk 1:30:57]} Nf6 {[%clk 1:30:54]} 2. Nf3 {[%clk 1:31:13]} d5 {[%clk
1:31:17]} 3. Bf4 {[%clk 1:31:30]} c5 {[%clk 1:31:41]} 4. e3 {[%clk 1:31:50]}
Nc6 {[%clk 1:32:05]} 5. c3 {[%clk 1:32:11]} Qb6 {[%clk 1:32:27]} 6. Qc1 {[%clk
1:30:12]} Nh5 {[%clk 1:32:33]} 7. Bg5 {[%clk 1:28:33]} h6 {[%clk 1:32:51]} 8.
Bh4 {[%clk 1:28:51]} g5 {[%clk 1:33:11]} 9. Bg3 {[%clk 1:29:17]} Nxg3 {[%clk
1:33:05]} 10. hxg3 {[%clk 1:29:40]} Bg7 {[%clk 1:33:24]} 11. Bd3 {[%clk
1:27:39]} Bd7 {[%clk 1:28:10]} 12. Nbd2 {[%clk 1:18:54]} Rc8 {[%clk 1:24:03]}
13. dxc5 {[%clk 1:11:19]} Qxc5 {[%clk 1:24:30]} 14. Nb3 {[%clk 1:11:26]} Qb6
{[%clk 1:23:39]} 15. Qd2 {[%clk 1:09:43]} e5 {[%clk 1:17:09]} 16. e4 {[%clk
0:47:48]} d4 {[%clk 1:09:09]} 17. cxd4 {[%clk 0:45:45]} exd4 {[%clk 1:04:51]}
18. O-O {[%clk 0:41:05]} Be6 {[%clk 1:04:01]} 19. Nc1 {[%clk 0:31:23]} O-O
{[%clk 1:04:08]} 20. Ne2 {[%clk 0:26:07]} Nb4 {[%clk 1:01:23]} 21. b3 {[%clk
0:25:05]} Rfd8 {[%clk 0:50:58]} 22. Rfc1 {[%clk 0:21:11]} Rc3 {[%clk 0:46:41]}
23. Ne1 {[%clk 0:19:39]} Nxd3 {[%clk 0:36:28]} 24. Nxd3 {[%clk 0:19:04]} Qb5
{[%clk 0:34:13]} 25. Ne1 {[%clk 0:16:05]} Rxc1 {[%clk 0:31:23]} 26. Rxc1 {[%clk
0:16:01]} f5 {[%clk 0:29:30]} 27. exf5 {[%clk 0:14:17]} Bxf5 {[%clk 0:29:08]}
28. Nf3 {[%clk 0:12:19]} d3 {[%clk 0:27:02]} 29. Nc3 {[%clk 0:11:40]} Qd7
{[%clk 0:24:34]} 30. Nd1 {[%clk 0:11:19]} Rc8 {[%clk 0:19:26]} 31. Ne3 {[%clk
0:11:10]} Be4 {[%clk 0:18:27]} 32. Rxc8+ {[%clk 0:08:12]} Qxc8 {[%clk 0:18:54]}
33. Qb4 {[%clk 0:07:06]} Qe6 {[%clk 0:09:43]} 34. Nd2 {[%clk 0:05:47]} Bc6
{[%clk 0:08:14]} 35. Qc5 {[%clk 0:05:52]} b6 {[%clk 0:07:35]} 36. Qf5 {[%clk
0:05:03]} Qxf5 {[%clk 0:04:58]} 37. Nxf5 {[%clk 0:05:26]} Bf8 {[%clk 0:05:22]}
38. Nd4 {[%clk 0:03:49]} Bd5 {[%clk 0:05:10]} 39. Nf5 {[%clk 0:01:58]} Bb4
{[%clk 0:04:33]} 40. Nf1 {[%clk 0:00:31]} Be4 {[%clk 0:01:00]} 41. N5e3 {[%clk
0:26:46]} d2 {[%clk 0:29:37]} 42. a3 {[%clk 0:23:59]} d1=Q {[%clk 0:24:30]} 43.
Nxd1 {[%clk 0:23:06]} Bxa3 {[%clk 0:24:58]} 44. Nd2 {[%clk 0:21:02]} Bd5 {[%clk
0:24:52]} 45. Nc3 {[%clk 0:20:52]} Be6 {[%clk 0:24:36]} 46. Kf1 {[%clk
0:20:03]} Bb4 {[%clk 0:24:28]} 47. Nce4 {[%clk 0:20:16]} Kf7 {[%clk 0:21:34]}
48. Ke2 {[%clk 0:20:05]} Bd5 {[%clk 0:21:20]} 49. f3 {[%clk 0:18:20]} Ke6
{[%clk 0:20:30]} 50. Ke3 {[%clk 0:17:27]} a5 {[%clk 0:19:25]} 51. Kd4 {[%clk
0:14:27]} b5 {[%clk 0:16:31]} 52. Nc3 {[%clk 0:08:39]} Bxc3+ {[%clk 0:16:15]}
53. Kxc3 {[%clk 0:09:05]} Ke5 {[%clk 0:16:31]} 54. Kd3 {[%clk 0:08:52]} Be6
{[%clk 0:16:11]} 55. Ke3 {[%clk 0:07:50]} Bf5 {[%clk 0:16:14]} 56. g4 {[%clk
0:07:58]} Bg6 {[%clk 0:16:21]} 57. g3 {[%clk 0:07:32]} Kd5 {[%clk 0:15:28]} 58.
f4 {[%clk 0:06:48]} Kc5 {[%clk 0:13:26]} 59. f5 {[%clk 0:06:58]} Bf7 {[%clk
0:13:36]} 60. Kd3 {[%clk 0:06:52]} Kb4 {[%clk 0:13:00]} 61. Kc2 {[%clk
0:06:41]} Bg8 {[%clk 0:12:02]} 62. Kb2 {[%clk 0:06:11]} Bd5 {[%clk 0:12:21]}
63. Kc2 {[%clk 0:03:42]} a4 {[%clk 0:10:38]} 64. bxa4 {[%clk 0:04:08]} bxa4
{[%clk 0:11:06]} 65. Nb1 {[%clk 0:02:45]} Bb3+ {[%clk 0:07:35]} 66. Kd3 {[%clk
0:02:09]} Kc5 {[%clk 0:07:38]} 67. Na3 {[%clk 0:01:44]} Bd1 {[%clk 0:06:59]}
68. f6 {[%clk 0:01:27]} Kd6 {[%clk 0:06:54]} 69. Nc4+ {[%clk 0:01:48]} Ke6
{[%clk 0:07:05]} 70. Ne3 {[%clk 0:02:08]} Bf3 {[%clk 0:06:32]} 71. Nf5 {[%clk
0:01:32]} Kxf6 {[%clk 0:06:15]} 72. Nxh6 {[%clk 0:02:00]} a3 {[%clk 0:05:09]}
73. Kc3 {[%clk 0:02:17]} Be4 {[%clk 0:04:08]} 74. Ng8+ {[%clk 0:01:46]} Kf7
{[%clk 0:04:14]} 75. Nh6+ {[%clk 0:02:12]} Kg7 {[%clk 0:04:23]} 76. Nf5+ {[%clk
0:02:34]} Bxf5 {[%clk 0:04:40]} 77. gxf5 {[%clk 0:02:57]} g4 {[%clk 0:05:05]}
78. Kb3 {[%clk 0:03:25]} Kf6 {[%clk 0:05:28]} 0-1

[Event "ODJM A 2022"]
[Site "Willingen GER"]
[Date "2022.06.05"]
[Round "1"]
[White "Brunner, Tobias"]
[Black "Matthes, Benjamin"]
[Result "1-0"]
[Termination "normal"]
[Board "22"]
[WhiteElo "2007"]
[BlackElo "1851"]
[WhiteClock "00:24:57"]
[BlackClock "00:01:20"]
[PlyCount "75"]
[WhiteFideId "12949833"]
[BlackFideId "16227298"]
[EventCountry "GER"]
[EventRounds "9"]
[EventType "swiss"]
[EventDate "2022.06.04"]

1. e4 {[%clk 1:30:56]} c5 {[%clk 1:30:36]} 2. Nc3 {[%clk 1:31:14]} Nc6 {[%clk
1:30:33]} 3. f4 {[%clk 1:30:57]} e6 {[%clk 1:22:16]} 4. Nf3 {[%clk 1:30:06]} d5
{[%clk 1:20:25]} 5. d3 {[%clk 1:30:21]} Be7 {[%clk 1:10:33]} 6. g3 {[%clk
1:24:12]} dxe4 {[%clk 0:46:28]} 7. dxe4 {[%clk 1:20:51]} Qxd1+ {[%clk 0:43:47]}
8. Nxd1 {[%clk 1:18:16]} Nf6 {[%clk 0:36:57]} 9. Nf2 {[%clk 1:12:08]} Nb4
{[%clk 0:31:19]} 10. Kd1 {[%clk 1:11:28]} O-O {[%clk 0:25:48]} 11. c3 {[%clk
1:08:17]} Rd8+ {[%clk 0:18:51]} 12. Bd2 {[%clk 1:06:38]} Nc6 {[%clk 0:19:20]}
13. Kc2 {[%clk 1:06:28]} a6 {[%clk 0:18:46]} 14. g4 {[%clk 1:02:57]} b5 {[%clk
0:15:48]} 15. g5 {[%clk 0:58:33]} Ne8 {[%clk 0:14:58]} 16. h4 {[%clk 0:53:20]}
Bb7 {[%clk 0:12:24]} 17. Bh3 {[%clk 0:51:06]} Nd6 {[%clk 0:11:55]} 18. Rae1
{[%clk 0:49:22]} a5 {[%clk 0:05:52]} 19. h5 {[%clk 0:47:51]} g6 {[%clk
0:03:43]} 20. Bg4 {[%clk 0:45:36]} b4 {[%clk 0:01:40]} 21. Rh3 {[%clk 0:44:47]}
Bf8 {[%clk 0:02:09]} 22. hxg6 {[%clk 0:41:14]} hxg6 {[%clk 0:02:37]} 23. e5
{[%clk 0:40:43]} Nc4 {[%clk 0:01:17]} 24. Ne4 {[%clk 0:39:22]} Bg7 {[%clk
0:01:45]} 25. Nxc5 {[%clk 0:36:32]} Bc8 {[%clk 0:01:21]} 26. Bc1 {[%clk
0:31:56]} bxc3 {[%clk 0:00:32]} 27. bxc3 {[%clk 0:32:10]} Nb6 {[%clk 0:00:45]}
28. Nd2 {[%clk 0:31:09]} Nd5 {[%clk 0:01:03]} 29. Nde4 {[%clk 0:30:39]} Rb8
{[%clk 0:00:32]} 30. Nf6+ {[%clk 0:27:18]} Kf8 {[%clk 0:00:37]} 31. Ba3 {[%clk
0:26:50]} Bxf6 {[%clk 0:00:34]} 32. Nd7+ {[%clk 0:26:35]} Ke8 {[%clk 0:00:38]}
33. Nxb8 {[%clk 0:25:54]} Nxb8 {[%clk 0:01:07]} 34. gxf6 {[%clk 0:26:07]} Ba6
{[%clk 0:00:33]} 35. Rh8+ {[%clk 0:25:31]} Kd7 {[%clk 0:01:02]} 36. Rxd8+
{[%clk 0:25:50]} Kxd8 {[%clk 0:01:30]} 37. Re4 {[%clk 0:25:11]} Nc6 {[%clk
0:01:20]} 38. Bxe6 {[%clk 0:24:57]} 1-0

[Event "ODJM A 2022"]
[Site "Willingen GER"]
[Date "2022.06.05"]
[Round "1"]
[White "Kamp, Adrian"]
[Black "Poggemann, Alexander"]
[Result "1-0"]
[Termination "normal"]
[Board "24"]
[WhiteElo "1969"]
[BlackElo "1829"]
[PlyCount "35"]
[WhiteFideId "16222466"]
[BlackFideId "16224167"]
[EventCountry "GER"]
[EventRounds "9"]
[EventType "swiss"]
[EventDate "2022.06.04"]

1. e4 e5 2. Nf3 Nc6 3. d4 exd4 4. Nxd4 Nf6 5. Nxc6 bxc6 6. e5 Qe7 7. Qe2 Nd5 8.
c4 Ba6 9. Nd2 g6 10. Nf3 Qb4+ 11. Kd1 Bg7 12. Qd2 Qxd2+ 13. Bxd2 Nb6 14. b3 d6
15. Bc3 O-O-O 16. Kc2 Rhe8 17. Re1 Nd7 18. e6 1-0

[Event "ODJM A 2022"]
[Site "Willingen GER"]
[Date "2022.06.05"]
[Round "1"]
[White "Nguyen, Phuc Nhat"]
[Black "Koll, Linus"]
[Result "0-1"]
[Termination "normal"]
[Board "25"]
[WhiteElo "1839"]
[BlackElo "1989"]
[PlyCount "78"]
[WhiteFideId "16253590"]
[BlackFideId "12990299"]
[EventCountry "GER"]
[EventRounds "9"]
[EventType "swiss"]
[EventDate "2022.06.04"]

1. e4 c5 2. Nf3 Nf6 3. Nc3 d5 4. exd5 Nxd5 5. Bb5+ Bd7 6. Bxd7+ Qxd7 7. Nxd5
Qxd5 8. O-O g6 9. d4 Bg7 10. c3 cxd4 11. Nxd4 O-O 12. Be3 Nc6 13. Nxc6 bxc6 14.
Qxd5 cxd5 15. f4 e6 16. Rad1 Rfb8 17. Rf2 Rb5 18. Bd4 Rab8 19. Bxg7 Kxg7 20.
Rdd2 Ra5 21. a3 h5 22. g3 Kf6 23. h3 Ra4 24. g4 hxg4 25. hxg4 g5 26. fxg5+ Kg7
27. b4 Rxa3 28. Rf3 Rxb4 29. Rxf7+ Kxf7 30. Rf2+ Kg6 31. cxb4 Kxg5 32. b5 Rg3+
33. Kf1 Rxg4 34. Re2 Rf4+ 35. Kg2 Kf5 36. Kg3 Rg4+ 37. Kf3 Rb4 38. Ra2 Rxb5 39.
Rxa7 Rb3+ 0-1

[Event "ODJM A 2022"]
[Site "Willingen GER"]
[Date "2022.06.05"]
[Round "1"]
[White "Panjer, Sidney"]
[Black "Schwartz, Oliver"]
[Result "1-0"]
[Termination "normal"]
[Board "26"]
[WhiteElo "2043"]
[BlackElo "1753"]
[PlyCount "71"]
[WhiteFideId "16207041"]
[BlackFideId "16207459"]
[EventCountry "GER"]
[EventRounds "9"]
[EventType "swiss"]
[EventDate "2022.06.04"]

1. Nf3 Nf6 2. c4 e6 3. g3 d5 4. d4 b6 5. Bg2 Bb7 6. O-O Be7 7. Nc3 O-O 8. Ne5
Nc6 9. cxd5 exd5 10. Qa4 Nxe5 11. dxe5 Ne8 12. Nxd5 Bxd5 13. Rd1 c6 14. e4 Nc7
15. exd5 cxd5 16. Bf4 Re8 17. Rac1 Bc5 18. b4 Bf8 19. e6 Nxe6 20. Bxd5 Nxf4 21.
gxf4 Qh4 22. Bxa8 Rxa8 23. Qc6 Rb8 24. Qe4 g6 25. Rd4 h5 26. Qe3 Bh6 27. Rcd1
Bg7 28. Rd7 Bh6 29. Qg3 Qf6 30. R1d6 Qxf4 31. Qxf4 Bxf4 32. Rf6 Bh6 33. Rfxf7
a5 34. Rb7 axb4 35. Rxb8+ Kxf7 36. Rb7+ 1-0

[Event "ODJM A 2022"]
[Site "Willingen GER"]
[Date "2022.06.05"]
[Round "1"]
[White "Özdemir, Edwin-Daniel"]
[Black "Reimer, Philip"]
[Result "0-1"]
[Termination "normal"]
[Board "27"]
[WhiteElo "1718"]
[BlackElo "1977"]
[PlyCount "60"]
[WhiteFideId "12919055"]
[BlackFideId "16235860"]
[EventCountry "GER"]
[EventRounds "9"]
[EventType "swiss"]
[EventDate "2022.06.04"]

1. c4 e5 2. Nc3 Bb4 3. Qc2 Nf6 4. g3 O-O 5. Bg2 c6 6. a3 Bxc3 7. Qxc3 Re8 8. d3
d5 9. Bg5 Nbd7 10. cxd5 cxd5 11. Nf3 h6 12. Bxf6 Qxf6 13. Nd2 Nb6 14. O-O Bg4
15. f3 Rac8 16. fxg4 Rxc3 17. Rxf6 Rc2 18. Rxb6 axb6 19. Nf1 Rd8 20. Kf2 d4 21.
b4 Rdc8 22. Bxb7 R8c3 23. Be4 Rb2 24. h3 Rcc2 25. Bf3 g6 26. Ke1 Kg7 27. Kd1 e4
28. dxe4 d3 29. Ne3 dxe2+ 30. Ke1 Rc3 0-1

[Event "ODJM A 2022"]
[Site "Willingen GER"]
[Date "2022.06.05"]
[Round "1"]
[White "Fuchs, Florian"]
[Black "Heß, Wadim"]
[Result "1-0"]
[Termination "normal"]
[Board "28"]
[WhiteElo "1920"]
[BlackElo "1374"]
[PlyCount "117"]
[WhiteFideId "16213351"]
[BlackFideId "16266129"]
[EventCountry "GER"]
[EventRounds "9"]
[EventType "swiss"]
[EventDate "2022.06.04"]

1. e4 c5 2. Nf3 a6 3. c4 d6 4. d4 cxd4 5. Nxd4 Nf6 6. Nc3 Nc6 7. Be2 g6 8. Be3
Bg7 9. Qd2 Bd7 10. O-O O-O 11. f3 Rc8 12. Rfd1 Ne5 13. b3 Ne8 14. f4 Ng4 15.
Bxg4 Bxg4 16. Re1 Qa5 17. h3 Bd7 18. Rad1 e6 19. Nb1 Qc7 20. Nf3 Bc6 21. Qd3
Nf6 22. Nc3 Rfd8 23. Bd4 Rd7 24. Qe3 d5 25. Bb6 Qb8 26. e5 Ne8 27. cxd5 Bxd5
28. Nxd5 exd5 29. e6 Rd6 30. exf7+ Kxf7 31. Qe7+ Kg8 32. Bd4 Nf6 33. Be5 Qa7+
34. Kh2 Rdc6 35. Ng5 Rf8 36. Rc1 Qf2 37. Ne6 Rf7 38. Qd8+ Bf8 39. Bxf6 Rxe6 40.
Be5 Qb6 41. Qxd5 Ree7 42. Bd4 Qb4 43. Rxe7 Qxe7 44. Rc8 Qd7 45. Qxd7 Rxd7 46.
Bc5 Rf7 47. Bxf8 Rxf8 48. Rxf8+ Kxf8 49. Kg3 Ke7 50. Kf3 Kd6 51. Ke4 Ke6 52. g4
h5 53. f5+ gxf5+ 54. gxf5+ Kf6 55. Kf4 a5 56. h4 b5 57. a3 b4 58. a4 Kg7 59.
Kg5 1-0